Largest islands in a group - Statistics

General Stats
  • This quiz has been taken 22 times
  • The average score is 3 of 8
Answer Stats
Hint Answer % Correct
Philippines Luzon
88%
Greater Antilles Cuba
71%
Channel Islands Jersey
71%
US Virgin Islands St Croix
29%
Leeward Islands Guadeloupe
18%
Lucayan Archipelago Bahamas
12%
Windward Islands Martinique
12%
American Samoa Tutuila
6%
No matching quizzes found
Score Distribution
Percent of People with Each Score
Percentile by Number Answered
Your Score History
You have not taken this quiz